| 000 | 00766nam a2200229 a 4500 | ||
|---|---|---|---|
| 999 |
_c3155 _d3155 |
||
| 001 | 3155 | ||
| 003 | BD-JhCC | ||
| 005 | 20210929134019.0 | ||
| 008 | 171111s2007 bg |||| |||| 001 0 ben d | ||
| 020 | _a9843225481 | ||
| 035 | _a(BD-JhCC) 3155 | ||
| 040 |
_aBD-JhCC _dBD-JhCC |
||
| 041 | _aben | ||
| 082 |
_a302 _bDUT 2007 |
||
| 100 | _aদত্ত, সুধীর কুমার | ||
| 245 |
_aভারসাম্যের প্রশ্নে প্রকৃতি ও মানুষ / _c সুধীর কুমার দত্ত |
||
| 260 |
_aঢাকা : _bঅন্বেষা প্রকাশন, _c২০০৭. |
||
| 300 |
_a৭৮ পৃ. : _c২১ সেমি. |
||
| 650 | _asocial psychology | ||
| 942 |
_2ddc _cBK _01 |
||